[Event "Dundee & Angus Major"]
[Site "Dundee"]
[Date "2015.10.09"]
[Round "?"]
[White "Congalton, David G"]
[Black "Andrews, Norman G"]
[Result "1/2-1/2"]
[WhiteElo "1364"]
[BlackElo "1545"]
[PlyCount "70"]
[EventDate "2015.10.09"]
[EventType "swiss"]
[EventRounds "5"]
[EventCountry "SCO"]
[SourceTitle "EXT 2023"]
[Source "ChessBase"]
[SourceDate "2022.10.05"]
[SourceVersion "1"]
[SourceVersionDate "2022.10.05"]
[SourceQuality "1"]

1. d4 Nf6 2. c4 e6 3. g3 d5 4. Bg2 Be7 5. Nf3 0-0 6. 0-0 c5 7. cxd5 exd5 8. dxc5 Bxc5 9. e3 Nc6 10. Qc2 Qe7 11. a3 Bb6 12. b4 h6 13. Bb2 Be6 14. Nbd2 Rac8 15. Qd1 Rfd8 16. Nb3 Bf5 17. Nfd4 Nxd4 18. Nxd4 Bd7 19. Rc1 Rxc1 20. Qxc1 Rc8 21. Qa1 Ne4 22. Qd1 Nf6 23. Qd3 Bxd4 24. Bxd4 Be6 25. Bxa7 Qd7 26. Bd4 Bf5 27. Qd1 Ne4 28. Qa1 f6 29. Qb2 Bh3 30. b5 Bxg2 31. Kxg2 Ng5 32. f3 Qf5 33. Rf2 Nxf3 34. Qe2 Nxd4 35. exd4 Qd7 1/2-1/2

[Event "Dundee & Angus Major"]
[Site "Dundee"]
[Date "2012.10.11"]
[Round "2"]
[White "Cassidy, Bernard"]
[Black "Congalton, David G"]
[Result "1-0"]
[WhiteElo "1458"]
[BlackElo "1293"]
[PlyCount "61"]
[EventDate "2012.10.12"]
[EventType "swiss"]
[EventRounds "5"]
[EventCountry "SCO"]
[SourceTitle "EXT 2023"]
[Source "ChessBase"]
[SourceDate "2022.10.05"]
[SourceVersion "1"]
[SourceVersionDate "2022.10.05"]
[SourceQuality "1"]

1. e4 d6 2. Nf3 g6 3. Nc3 Bg7 4. h3 Nf6 5. Bc4 Nxe4 6. Nxe4 d5 7. Bxd5 Qxd5 8. d3 Nc6 9. 0-0 0-0 10. Nc3 Bxc3 11. bxc3 b6 12. Bh6 Re8 13. Ng5 Bb7 14. c4 Qf5 15. Qd2 Nd4 16. c3 Nc6 17. Nf3 Rad8 18. d4 Na5 19. Nh2 Nxc4 20. Qc1 Qd5 21. f3 Nd6 22. Ng4 Qh5 23. Re1 f6 24. Rxe7 Qf5 25. Qe3 g5 26. Re1 Qg6 27. Qe6+ Kh8 28. Qxf6+ Qxf6 29. Nxf6 Rxe7 30. Rxe7 Rc8 31. Bg7# 1-0